000 00279nam a22001337a 4500
003 SGT
082 _a617.3
_bC76P
100 _aPaton, David
245 _aClinical Symposia
_bGlaucomas
260 _bC.I.B.A.
_c1976
300 _a47
700 _aCraig, J. A.
942 _2ddc
_cRARE
999 _c33143
_d33143